00778cam a2200205 a 4500020001800000020001500018040000800033082002600041100002000067245010400087260005900191300002700250650002800277650001800305700002100323856005700344942000700401999001700408952014700425 a9781422104064 a1422104060 cDLC00a361 HAR 2008 A114 Or.1 aElkington, John14aThe power of unreasonable people :bhow social entrepreneurs create markets that change the world / aBoston, Mass. :bHarvard Business School Press,cc2008 axviii, 242 p. ;c25 cm 0aSocial entrepreneurship 0aSocial change1 aHartigan, Pamela41uhttp://www.loc.gov/catdir/toc/fy0804/2007030382.html cEK c17437d17437 0010406361_000000000000000_HAR_2008_A114_OR70975677aLBAbLBAcA114d2018-11-27o361 HAR 2008 A114 Or.pA36727r2018-11-27w2018-11-27yEK